| 000 | 00504nam a22001697a 4500 | ||
|---|---|---|---|
| 005 | 20251108165031.0 | ||
| 008 | 250721s1985 xx 000 0 ara d | ||
| 082 | 1 | 4 | _a331.09565/أحم |
| 100 | 1 | _aظاهر، أحمد جمال | |
| 245 | 1 | 0 | _aالأيدي العاملة الوافدة إلى الأردن / |
| 264 | 1 |
_aالزرقاء : _bمكتبة المنار، _c1985. |
|
| 300 | _a256ص | ||
| 650 | 1 | 7 | _aالعمل و العمال |
| 650 | 1 | 7 | _aالأردن |
| 942 |
_2ddc _cBK |
||
| 999 |
_c20475 _d20475 |
||